Eastern Utah Libraries Catalog: Duchesne, Heber, Roosevelt, & Vernal

This is Hulk / (Record no. 398064)

MARC details
000 -LEADER
fixed length control field 01978cam a2200469 i 4500
001 - CONTROL NUMBER
control field bl2024005846
005 - DATE AND TIME OF LATEST TRANSACTION
control field 20240701132001.0
008 - FIXED-LENGTH DATA ELEMENTS--GENERAL INFORMATION
fixed length control field 240312s2024 caua a 000 1 eng d
010 ## - LIBRARY OF CONGRESS CONTROL NUMBER
LC control number 2023944797
020 ## - INTERNATIONAL STANDARD BOOK NUMBER
International Standard Book Number 9781368099042
Qualifying information pbk.
020 ## - INTERNATIONAL STANDARD BOOK NUMBER
International Standard Book Number 9781518297311
Qualifying information Follett bdg.
040 ## - CATALOGING SOURCE
Original cataloging agency GCmBT
Language of cataloging eng
Transcribing agency GCmBT
Description conventions rda
Modifying agency GCmBT
-- QQ3
050 14 - LIBRARY OF CONGRESS CALL NUMBER
Classification number PZ7.1.L394866
Item number Th 2024
082 04 - DEWEY DECIMAL CLASSIFICATION NUMBER
Classification number [E]
Edition number 23/eng/20240314
092 ## - LOCALLY ASSIGNED DEWEY CALL NUMBER (OCLC)
Classification number children leveled
Item number Superheroes
100 1# - MAIN ENTRY--PERSONAL NAME
Personal name Lee, Anthony J.,
Relator term author.
9 (RLIN) 6480090
245 10 - TITLE STATEMENT
Title This is Hulk /
Statement of responsibility, etc written by Anthony J. Lee and Chris Wyatt ; illustrated by Carlo Barberi, Geanes Holland, Giulla Priori, and Nataliya Torretta.
250 ## - EDITION STATEMENT
Edition statement First edition.
264 #1 - Production, Publication, Distribution, Manufacture, and Copyright Notice.
Place of production, publication, distribution, manufacture Los Angeles :
Name of producer, publisher, distributor, manufacturer Marvel,
Date of production, publication, distribution, manufacture, or copyr 2024.
300 ## - PHYSICAL DESCRIPTION
Extent 32 pages :
Other physical details color illustrations ;
Dimensions 23 cm.
336 ## - Content Type
Content type term text
336 ## - Content Type
Content type term still image
337 ## - Media type
Media type term unmediated
338 ## - Carrier type
Carrier type term volume
490 1# - SERIES STATEMENT
Series statement World of reading. Level 1.
500 ## - GENERAL NOTE
General note "Marvel Hulk."
500 ## - GENERAL NOTE
General note "Based on the Marvel comic book character Hulk."
520 ## - SUMMARY, ETC.
Summary, etc "Go back to a time when Bruce Banner was just a young scientist and see how he becomes the Hulk. This is Hulk introduces young readers to the world of Marvel's most incredible Super Hero scientist"--
600 00 - SUBJECT ADDED ENTRY--PERSONAL NAME
Personal name Hulk
Titles and other words associated with a name (Fictitious character)
Form subdivision Juvenile fiction.
9 (RLIN) 5705751
600 01 - SUBJECT ADDED ENTRY--PERSONAL NAME
Personal name Hulk
Titles and other words associated with a name (Fictitious character)
Form subdivision Fiction.
9 (RLIN) 6483069
650 #0 - SUBJECT ADDED ENTRY--TOPICAL TERM
Topical term or geographic name as entry element Superheroes
Form subdivision Juvenile fiction.
650 #1 - SUBJECT ADDED ENTRY--TOPICAL TERM
Topical term or geographic name as entry element Superheroes
Form subdivision Fiction.
9 (RLIN) 5673961
655 #1 - INDEX TERM--GENRE/FORM
Genre/form data or focus term Readers.
655 #7 - INDEX TERM--GENRE/FORM
Genre/form data or focus term Readers (Primary)
Source of term local.
9 (RLIN) 5687782
700 1# - ADDED ENTRY--PERSONAL NAME
Personal name Wyatt, Chris,
Dates associated with a name 1975-
Relator term author.
9 (RLIN) 5894252
700 1# - ADDED ENTRY--PERSONAL NAME
Personal name Barberi, Carlo,
Relator term illustrator.
9 (RLIN) 5681232
700 1# - ADDED ENTRY--PERSONAL NAME
Personal name Holland, Geanes,
Relator term illlustrator.
9 (RLIN) 6424996
700 1# - ADDED ENTRY--PERSONAL NAME
Personal name Priori, Giulla,
Relator term illustrator.
9 (RLIN) 6489881
700 1# - ADDED ENTRY--PERSONAL NAME
Personal name Torretta, Nataliya,
Relator term illustrator.
9 (RLIN) 6489882
830 #0 - SERIES ADDED ENTRY--UNIFORM TITLE
Uniform title World of reading (New York, N.Y.).
Number of part/section of a work Level 1.
9 (RLIN) 5681234
942 ## - ADDED ENTRY ELEMENTS (KOHA)
Source of classification or shelving scheme Dewey Decimal Classification
Koha item type BOOK
Holdings
Withdrawn status Lost status Source of classification or shelving scheme Damaged status Not for loan Collection code Home library Current library Shelving location Date acquired Source of acquisition Total Checkouts Total Renewals Full call number Barcode Checked out Date last seen Date checked out Cost, replacement price Price effective from Koha item type
    Dewey Decimal Classification     Children Leveled Wasatch County Library Wasatch County Library Main Floor Childrens Area 07/01/2024 Penworthy 19 15 E Superheroes 34301002122390 05/02/2026 03/06/2026 03/06/2026 19.96 07/01/2024 BOOK
This project was made possible through a grant from the Institute of Museum and Library Service administered by the Utah State Library Division.

Wasatch County Library

  • 465 East 1200 South, Heber City, Utah 84032
  • Phone 435-654-1511 | Fax 435-654-6456

Hours

  • Monday - Friday 9:30 AM - 8:00 PM
  • Saturday 9:30 AM - 1:30 PM
  • Closed Sundays and Holidays